000 00678nam a2200289Ia 4500
005 20260324143208.0
008 008 260324s9999 xx 000 0 eng d
020 _a9781315231600
037 _aEBOOK
040 _aCRL
040 _beng
040 _cCRL
041 _2eng
041 _aeng
084 _qCRL
100 _aGreg Mogenson
_91214736
245 0 _aGreeting the Angels
245 3 _bAn Imaginal View of the Mourning Process
260 _bTaylor and Francis
260 _c1992
365 _a
365 _b195
856 _uhttp://www.taylorfrancis.com/books/9781315231600
942 _cEBOOK
999 _c1819850
_d1819850